| 000 | 00538nam a2200181 4500 | ||
|---|---|---|---|
| 001 | 139256 | ||
| 003 | ES-MaACL | ||
| 005 | 20250605154047.0 | ||
| 007 | t| | ||
| 008 | 070214s1959 sp r ||||1| spa d | ||
| 100 | 1 |
_aSaroyan, William. _9103843 |
|
| 245 | 1 | 0 |
_aOtro verano / _cWilliam Saroyan ; versión castellana de Eduardo de Guzmán. |
| 260 |
_aBarcelona : _bG.P., _c1959. |
||
| 300 |
_a159 p. ; _c18 cm. |
||
| 700 | 1 |
_aGuzmán, Eduardo de, _d1908-1991 _961283 |
|
| 852 |
_aES-MaACL _jC-17069 _bR.44830 |
||
| 999 |
_c139256 _d139256 |
||